LEADER 00932nas a2200217 i 4500 001 000000017332 003 CaOOAMICUS 005 20180830125443.0 008 180830n it u0 ita u 040 $aSeMil$bita 100 0 $aPius XII,$c.$0(OLS)http://semarc/name/6093 245 10$aMonumenta Cartographica Vaticana /$ciussu Pii 12. P. M. ; consilio et opera procuratorum Bibliothecae Apostolicae Vaticanae. 260 $aCittą del Vaticano :$bBiblioteca Apostolica Vaticana,$c[194?] 300 $av. ;$c42 cm. 710 0 $aBiblioteca Apostolica Vaticana.$0(OLS)http://semarc/name/101 900 1 $aPacelli, Eugenio,$d<1876-1958>. 900 0 $aPio XII$c. 996 $6245$aMonumenta Cartographica Vaticana$9(OLS)http://semarc/title/22910 996 $6260$aCittą del Vaticano :$bBiblioteca Apostolica Vaticana$9(OLS)http://semarc/publisher/29667 LEADER 01354nam a2200313 i 4500 001 000000115102 003 CaOOAMICUS 005 20030513000000.0 008 030513s1987 it u000 u ita u 013 $a87790 020 $a88-7026-739-3 040 $aSeMil$bita 100 1 $aDanesi, Giacomo.$0(OLS)http://semarc/name/48101 245 10$aMigrazioni e accoglienza nella Sacra Scrittura /$cGiacomo Danesi, Salvatore Garofalo. 260 $aPadova :$bMessaggero,$ccopyr. 1987. 300 $a297 p. ;$c21 cm. 490 0 $aSenza frontiere. Serie teologico-pastorale 500 $aFondo Card. C.M. Martini. 650 4$aBibbia - Tema [dell'] Accoglienza.$0(OLS)http://semarc/subject/9626 650 4$aBibbia - Migrazioni.$0(OLS)http://semarc/subject/21036 700 1 $aGarofalo, Salvatore .$0(OLS)http://semarc/name/1269 830 0$aSenza frontiere. Serie teologico-pastorale.$0(OLS)http://semarc/title/10464 850 $aSeMil 852 $aSeMil$W1$xVenegono$y1$m2Z IV 80$j70639$B70639$CSeMilBibl$Z2$F85971 $81 941 1 $a4 961 $aOmaggio: Martini Card. Carlo Maria 996 $6020$a88-7026-739-3$9(OLS)http://semarc/number/98737 996 $6245$aMigrazioni e accoglienza nella Sacra Scrittura$9(OLS)http://semarc/title/168470 996 $6260$aPadova :$bMessaggero$9(OLS)http://semarc/publisher/29786